000 01633nam a22002897a 4500
999 _c62584
_d62584
003 Ge_BSU
005 20241212105417.0
008 241212s2023 ge ||||| |||| 00| 0 geo d
020 _a9789941855276
041 _ageo
080 _a502 : 641/642 დ-27
245 _aდედამიწის ეკოლოგიური და სასურსათო პოტენციალი :
_b[მონოგრაფია] /
_cავტორები : ე. კვესიტაძე, რ. გახოკიძე, გ. ხატისაშვილი, გ. კვესიტაძე; რედ. რ. ხეცურიანი, შ. რუხაძე, ზ. ლომთათიძე.
264 _a[თბილისი] :
_bფავორიტი სტილი,
_c2023.
300 _a216 გვ. ;
_b22 სმ.
504 _aბიბლიოგრ. გვ.201-215
653 _aპლანეტის ეკოლოგია
653 _aდედამიწა
700 _aკვესიტაძე, ე.
_eავტორი
_92619
700 _a გახოკიძე, რ.
_eავტორი
_923945
700 _a ხატისაშვილი, გ.
_eავტორი
_923946
700 _aკვესიტაძე, გ.
_eავტორი
_92716
700 _aხეცურიანი, რ.
_eრედაქტორი
_911551
700 _aრუხაძე, შ.
_eრედაქტორი
_923947
700 _aლომთათიძე, ზ.
_eრედაქტორი
_923948
773 _tნაჩუქარი
942 _2udc
_cᲬᲘᲒᲜᲘ